00689nam a2200193 a 450000100100000000500170001000800410002704000250006808200170009310000420011024501000015226000370025230000360028950000420032550400320036765000380039965000220043770000360045900003661920250430073846.0120123s2008 dr a 001 e spa d aDO-SdBNPbspacBNPHU a158.1bF825v1 aFranco Pimentel, Juan de Dios,d1955-10aEl vencedor :blibro de autoayuda /cJuan de Dios Franco Pimentel; prólogo Alfonso Batista D. a[Santo Domingo :bs. n.,c2008]. a190 p. :bil., retrs. ;c22 cm. aIncluye datos biográficos del autor aBibliografía : p. 186-187 0aAutorrealización (Psicología) 4aDesarrollo humano1 aBatista D., Alfonso,eprólogo